Animal diversity : (Record no. 83167)

MARC details
000 -LEADER
fixed length control field 00637nam a22002057a 4500
005 - DATE AND TIME OF LATEST TRANSACTION
control field 20140409120619.0
010 ## - LCCN (DPL NO)
LC control number ENG-109624
020 ## - INTERNATIONAL STANDARD BOOK NUMBER
Terms of availability 240.00
International Standard Book Number 9789382459033
035 ## - SYSTEM CONTROL NUMBER
System control number EN-93157
037 ## - SOURCE OF ACQUISITION
Source of stock number/acquisition DBAD/PUB
082 ## - DEWEY DECIMAL CLASSIFICATION NUMBER
Classification number 592
245 ## - TITLE STATEMENT
Title Animal diversity :
Statement of responsibility, etc by N.C. Nair...[et al]
Remainder of title invertebrata and chordata /
250 ## - EDITION STATEMENT
Edition statement 5th ed
260 ## - PUBLICATION, DISTRIBUTION, ETC. (IMPRINT)
Name of publisher, distributor, etc Saras Publication
Date of publication, distribution, etc 2013
Place of publication, distribution, etc Nagercoil
270 ## - ADDRESS
City Nagercoil
Postal code 629002
Address 114/35G, A. R. P. Camp Road, Periavilai, Kottar P. O.,
300 ## - PHYSICAL DESCRIPTION
Extent viii,856p. :
Dimensions 22cm(pbk)
Other physical details ill
500 ## - GENERAL NOTE
General note Includes index
700 ## - ADDED ENTRY--PERSONAL NAME
Personal name Nair, N.C.
942 ## - ADDED ENTRY ELEMENTS (KOHA)
Source of classification or shelving scheme Dewey Decimal Classification
Item type English Books
Call number suffix ANI
Classification part 592
Holdings
Withdrawn status Lost status Not for loan Collection code Home library Current library Date acquired Source of acquisition Cost, normal purchase price Full call number Barcode Copy number Cost, replacement price Koha item type
    Not For Loan Non-fiction D.B.Act.Division D.B.Act.Division 25/03/2014 DBAD/PUB 240.00 592 ANI EN-93157 1 240.00 English Books

© Delhi Public Library
Hit Counter
free hit counter